The Oxford companion to theatre and performance (Record no. 36124)

MARC details
000 -LEADER
fixed length control field 00444nam a2200169Ia 4500
020 ## - INTERNATIONAL STANDARD BOOK NUMBER
ISBN 9780199574193
050 ## - CALL MARK
Classification number PN 2035 .O94/
245 #4 - TITLE STATEMENT
Title The Oxford companion to theatre and performance
260 ## - PUBLICATION, DISTRIBUTION, ETC. (IMPRINT)
Place of publication New York
260 ## - PUBLICATION, DISTRIBUTION, ETC. (IMPRINT)
Name of publisher Oxford
260 ## - PUBLICATION, DISTRIBUTION, ETC. (IMPRINT)
Year of publication 2008
300 ## - PHYSICAL DESCRIPTION
Number of Pages 689 p
650 ## - SUBJECT ADDED ENTRY--TOPICAL TERM
Topical Term Theater--Encyclopedias. Performing arts--Encyclopedias.
942 ## - ADDED ENTRY ELEMENTS (KOHA)
Koha item type Books
Holdings
Withdrawn status Lost status Source of classification or shelving scheme Damaged status Not for loan Permanent Location Current Location Shelving location Date acquired Accession Number Price effective from Koha item type
    Library of Congress Classification     NILE UNIVERSITY OF NIGERIA - MAIN LIBRARY NILE UNIVERSITY OF NIGERIA - MAIN LIBRARY Items on shelf 04/23/2025 0000249 04/23/2025 Books